LEADER 01064nam a2200253 i 4500 001 000000038597 003 CaOOAMICUS 005 20071108000000.0 008 071108s1967 it u000 u ita u 013 $a9189 040 $aSeMil$bita 100 1 $aWeiss, Peter <1916-1982>.$0(OLS)http://semarc/name/17431 240 14$aDie Ermittlung : Oratorium in 11 Gesängen.$0(OLS)http://semarc/title/54535 245 12$aL'istruttoria :$boratorio in undici canti /$cPeter Weiss. 260 $aTorino :$bGiulio Einaudi,$c1967 (copyr. 1966) 300 $a251 p. ;$c19 cm. 490 0 $aCollezione di teatro ;$v106 650 4$aLetteratura drammatica tedesca.$0(OLS)http://semarc/subject/7743 830 0$aCollezione di teatro ;$v106.$0(OLS)http://semarc/title/6906 850 $aSeMil 852 $aSeMil$W1$xVenegono$y1$m1O I 32$j4752$B4752$CSeMilBibl$Z2$F4752 $81 961 $aOmaggio: Deposito 996 $6245$aL'istruttoria :$boratorio in undici canti$9(OLS)http://semarc/title/54534 996 $6260$aTorino :$bGiulio Einaudi$9(OLS)http://semarc/publisher/29810 LEADER 01006nam a2200181 i 4500 001 000000056134 003 CaOOAMICUS 005 19970724000000.0 008 970724n xx u000 u ger u 013 $a27306 040 $aSeMil$bita 100 1 $aBajsic, Aloisius.$0(OLS)http://semarc/name/28332 245 10$aBegriff einer "Christlichen" philosophie bei Edith Stein. Bozen :$b[s.n.], 1961. ((Excerpta ex dissertatione ad Lauream in Facultate Philosophica Pontificiae Universitatis Gregorianae. 600 04$aStein, Edith .$0(OLS)http://semarc/subject/2928 650 4$aTesi di laurea.$0(OLS)http://semarc/subject/1690 850 $aSeMil 852 $aSeMil$W1$xVenegono$y1$m2I IV 184$j22288$B22288$CSeMilBibl$Z2$F22290 $81 996 $6245$aBegriff einer "Christlichen" philosophie bei Edith Stein. Bozen :$b[s.n.], 1961. ((Excerpta ex dissertatione ad Lauream in Facultate Philosophica Pontificiae Universitatis Gregorianae.$9(OLS)http://semarc/title/87201